Paroles - Lily - Pierre Perret - Statistiques

Statistiques générales
  • Ce quiz a été pris 193 fois
  • Le résultat moyen est 247 sur 346
Statistiques - réponses
Paroles % Correct
à
98%
a
98%
L'
98%
l'
98%
Elle
97%
elle
97%
d'
96%
Lily
96%
s'
95%
de
94%
un
93%
Un
93%
des
91%
"Des
91%
la
91%
Là-
91%
On
90%
on
90%
c'
89%
Dans
89%
dans
89%
le
89%
arrivait
88%
et
88%
Et
88%
les
88%
qu'
88%
Qu'
88%
Il
87%
il
87%
n'
87%
Qui
87%
qui
87%
Paris
86%
plein
86%
bateau
85%
Somalies,
85%
ma
84%
jolie,
83%
leur
83%
poubelles
82%
trouvait
82%
tous
81%
Vider
81%
Au
80%
au
80%
gré
80%
une
80%
ça
79%
Ça
79%
Mais,
79%
Mais
79%
ne
79%
plutôt
79%
pour
79%
sa
79%
venaient
78%
deux
77%
blanche
75%
Blanche-
75%
émigrés
75%
en
75%
"En
75%
noir
75%
pas
75%
était
74%
se
74%
pays
72%
Ce
69%
ce
69%
est
69%
Neige,
69%
noires
69%
couleur
67%
fait
67%
faut
67%
Hugo,
67%
Voltaire
67%
Lui
66%
lui
66%
"Nous
65%
nous"
65%
sacré
64%
égaux,
63%
chez
62%
croyait
62%
dit
62%
veut
62%
que
61%
Que
61%
plus
60%
ses
60%
sous
60%
appelait
59%
quand
58%
bas
56%
revanche
56%
Debussy,
55%
du
55%
racistes
55%
aima
54%
Angela
54%
belle-
54%
distinguo
54%
rêvait
54%
rue
54%
rue,
54%
sœur"
54%
sommes
54%
famille
53%
grand
53%
petite
53%
Aura
52%
Davis,
52%
aussi,
51%
aussi
51%
beau
51%
jour
51%
peur"
51%
peur,
51%
Amérique,
50%
Blancs
50%
ces
50%
frères
50%
démocratique,
49%
prendre
49%
liberté,
48%
moins
48%
piège,
48%
"viens,
48%
désespoir
47%
fraternité,
47%
marteau-
47%
piqueur
47%
aimait
46%
amour
46%
aux
46%
fût
46%
laissait
46%
Même
46%
très
46%
vu
46%
blond
45%
Ils
45%
meeting
45%
accompagnent
44%
boulots,
44%
épouser,
44%
frisé,
44%
gens
44%
Memphis,
44%
peut
44%
rien
44%
sales
44%
dents
43%
fallait
43%
amusant
42%
prêt
42%
serrer
42%
trop
42%
bien,
41%
enfant
41%
arrivant
40%
été
40%
fleurs
40%
loups
40%
recevait
40%
tapée
40%
vendre
40%
auraient
38%
choux-
38%
contents
38%
Contre
38%
hôtelier,
38%
sans
38%
autobus
37%
crie
37%
naîtra,
37%
tant
37%
trappeur"
37%
Tu
37%
cageots,
35%
déchargé
35%
essayé
35%
Secrétan
35%
guettent
34%
gugus
34%
Interdits
34%
laquelle
34%
ton
34%
feu
33%
milieu
33%
rageur,
33%
type
33%
unissant,
33%
foutent
32%
poing
32%
voir
32%
cru
31%
lève
31%
combat
29%
précisé,
29%
quotidien,
29%
aurait
24%
connaîtras
19%
conjuguer
11%
Aucun quiz correspondant
Distribution des résultats
% des personnes avec chaque résultat
Percentile par nombre de réponses
Votre historique - résultats
Vous n’avez pas pris ce quiz